Normal view
MARC view
- Windows 8 In Easy Steps
Entry Topical Term
001 - CONTROL NUMBER
- control field: 112058
003 - CONTROL NUMBER IDENTIFIER
- control field: NUST
005 - DATE AND TIME OF LATEST TRANSACTION
- control field: 20230503095325.0
008 - FIXED-LENGTH DATA ELEMENTS
- fixed length control field: 230503|| aca||aabn | a|a d
040 ## - CATALOGING SOURCE
- Original cataloging agency: NUST
- Transcribing agency: NUST
150 ## - HEADING--TOPICAL TERM
- Topical term or geographic name entry element: Windows 8 In Easy Steps
670 ## - SOURCE DATA FOUND
- Source citation: Work cat.: (NUST): Vandom, Nick 112057, Windows 8:, 2013.
